Piłkarze ze 100 i więcej występami w Lidze Mistrzów UEFA - Statystyki

Ogólne statystyki
  • Ten quiz został rozwiązany 5 284 razy
    193 od ostatniego zresetowania
  • Średni wynik to 38 z 55
Statystyki odpowiedzi
Drużyna/drużyny Liczba występów Lata gry Narodowość Pozycja Zawodnik % Poprawnych
Manchester United, Real Madryt, Juventus 183 2003-2021 Portugalia Napastnik Cristiano Ronaldo
100%
FC Barcelona, PSG 163 2005-2022 Argentyna Napastnik Lionel Messi
99%
Borussia Dortmund, Bayern Monachium, FC Barcelona 142 2011-obecnie Polska Napastnik Robert Lewandowski
97%
Olympique Lyon, Real Madryt 152 2006-2023 Francja Napastnik Karim Benzema
92%
Tottenham Hotspur, Real Madryt 142 2010-obecnie Chorwacja Pomocnik Luka Modrić
92%
Schalke 04, Bayern Monachium 157 2007-obecnie Niemcy Bramkarz Manuel Neuer
91%
Bayern Monachium 163 2009-2025 Niemcy Pomocnik Thomas Müller
89%
Real Madryt, Porto 177 1999-2019 Hiszpania Bramkarz Iker Casillas
88%
Bayern Monachium, Real Madryt 151 2008-2024 Niemcy Pomocnik Toni Kroos
88%
FC Barcelona 130 2002-2018 Hiszpania Pomocnik Andrés Iniesta
86%
FC Barcelona 151 1998-2015 Hiszpania Pomocnik Xavi
85%
Real Madryt, PSG 142 2005-2023 Hiszpania Obrońca Sergio Ramos
84%
Parma, Juventus, PSG 124 1997-2020 Włochy Bramkarz Gianluigi Buffon
82%
Ajax, Juventus, Inter, FC Barcelona, AC Milan, PSG, Manchester United 124 2001-2021 Szwecja Napastnik Zlatan Ibrahimović
82%
FC Barcelona 115 1999-2014 Hiszpania Obrońca Carles Puyol
77%
Bayern Monachium, Real Madryt 117 2010-obecnie Austria Obrońca David Alaba
76%
Porto, Real Madryt, Beşiktaş 120 2004-2024 Portugalia Obrońca Pepe
76%
Real Madryt, Schalke 04 142 1995-2011 Hiszpania Napastnik Raúl
76%
Manchester United, FC Barcelona 128 2004-2022 Hiszpania Obrońca Gerard Piqué
75%
AC Milan 109 1992-2008 Włochy Obrońca Paolo Maldini
75%
Monaco, Arsenal, FC Barcelona 112 1997-2012 Francja Napastnik Thierry Henry
74%
Manchester United 141 1994-2014 Walia Pomocnik Ryan Giggs
73%
Benfica, Real Madryt, PSG, Juventus 116 2007-obecnie Argentyna Pomocnik Ángel Di María
70%
Sparta Praga, Chelsea, Arsenal 111 2001-2017 Czechy Bramkarz Petr Čech
70%
FC Barcelona 129 2008-2023 Hiszpania Pomocnik Sergio Busquets
70%
Atlético Madryt 104 2014-obecnie Słowenia Bramkarz Jan Oblak
68%
Atlético Madryt 114 2013-obecnie Hiszpania Pomocnik Koke
68%
Real Madryt 102 2007-2022 Brazylia Obrońca Marcelo
68%
VFB Stuttgart, Bayern Monachium 112 2002-2017 Niemcy Obrońca Philipp Lahm
68%
FC Barcelona 106 2002-2014 Hiszpania Bramkarz Víctor Valdés
68%
Real Sociedad, Atlético Madryt, FC Barcelona 116 2013-obecnie Francja Napastnik Antoine Griezmann
67%
Dynamo Kijów, AC Milan, Chelsea 100 1994-2010 Ukraina Napastnik Andrij Szewczenko
66%
PSV, Chelsea, Real Madryt, Bayern Monachium 110 2002-2019 Holandia Pomocnik Arjen Robben
65%
Manchester United, Real Madryt, AC Milan, PSG 107 1994-2013 Anglia Pomocnik David Beckham
63%
Borussia Dortmund, Manchester City, FC Barcelona, Galatasaray 115 2011-obecnie Niemcy Pomocnik İlkay Gündoğan
63%
AC Milan, PSG, Chelsea 105 2009-2023 Brazylia Obrońca Thiago Silva
63%
Inter, AC Milan, Juventus 108 1998-2015 Włochy Pomocnik Andrea Pirlo
61%
Bayern Monachium 103 1994-2007 Niemcy Bramkarz Oliver Kahn
61%
Real Sociedad, Liverpool, Real Madryt, Bayern Monachium 119 2003-2017 Hiszpania Pomocnik Xabi Alonso
61%
Sevilla, FC Barcelona, Juventus, PSG 111 2007-2019 Brazylia Obrońca Dani Alves
60%
Chelsea 109 2003-2016 Anglia Obrońca John Terry
59%
FC Barcelona, Real Madryt, Inter 103 1997-2009 Portugalia Pomocnik Luís Figo
59%
Manchester United 124 1994-2013 Anglia Pomocnik Paul Scholes
59%
Bayern Monachium 105 2015-obecnie Niemcy Pomocnik Joshua Kimmich
58%
Chelsea, Manchester City 105 2003-2015 Anglia Pomocnik Frank Lampard
57%
AS Monaco, Manchester City 104 2014-obecnie Portugalia Pomocnik Bernardo Silva
56%
FC Porto, Manchester City, Benfica 102 2011-obecnie Argentyna Obrońca Nicolás Otamendi
55%
Arsenal, FC Barcelona, Chelsea 104 2004-2018 Hiszpania Pomocnik Cesc Fàbregas
54%
PSG 117 2013-obecnie Brazylia Obrońca Marquinhos
54%
Real Madryt, Fenerbahce 120 1997-2007 Brazylia Obrońca Roberto Carlos
53%
Arsenal, Chelsea, Roma 108 2000-2015 Anglia Obrońca Ashley Cole
49%
Ajax, Real Madryt, AC Milan 125 1994-2012 Holandia Pomocnik Clarence Seedorf
46%
Monaco, Manchester United, Juventus 108 2003-2017 Francja Obrońca Patrice Evra
41%
Szachtar Donieck, Manchester City 103 2006-2022 Brazylia Pomocnik Fernandinho
39%
Manchester United 109 1993-2010 Anglia Obrońca Gary Neville
34%
Nie znaleziono quizów pasujących do podanych kryteriów
Rozkład punktacji
Procent ludzi z każdym wynikiem
Percentyl według liczby udzielonych odpowiedzi
Twoja historia wyników
Nie rozwiązałeś tego quizu od ostatniego zresetowania